00570nam a22001697a 450000500170000001000230001702000260004003500140006608200140008010000170009424500490011125000060016026000490016627001190021530000250033450000410035920241211121156.0 aDEC24SC ENG-142956 a9789355017239c495.00 aEN-126488 a909.0821 aShukla, Ajay aHistory of the Modern World/cby Ajay Shukla a1 aNew DelhibS Chand and Company Limitedc2023 a A-27, 2nd Floor, Mohan Co-operative Industrial EstatebNew Delhie110044minfo@schandpublishing.comk011-49731800 axiii,394p.c23cm(pb) aFor UPSC Civil Services Examinations